most assists. In the 24/25 premier league season - Statistics

General Stats
  • This quiz has been taken 12 times
  • The average score is 14 of 25
Answer Stats
Assists Club Answer % Correct
10 Man Utd Bruno Fernandes
89%
7 Napoli Kevin De Bryne
89%
18 Liverpool Mo Salah
89%
10 Arsenal Bukayo Saka
78%
8 Chelsea Cole Palmer
78%
8 N Forest Morgan Gibbs-White
78%
7 Brentford Bryan Mbeumo
67%
8 Crystal Palace Eberechi Eze
67%
8 West Ham Jarrod Bowen
67%
10 Aston Villa Morgan Rogers
67%
9 LAFC Son Heung-Min
67%
7 Arsenal Declan Rice
56%
7 Chelsea Enzo Fernandez
56%
7 Arsenal Leandro Trossard
56%
8 Aston Villa Ollie Watkins
56%
11 Newcastle Anthony Elanga
44%
10 Fulham Antonee Robinson
44%
12 Newcastle Jacob Murphy
44%
8 Man City Savinho
44%
7 Fulham Adama Traore
33%
8 Arsenal Martin Ødegard
33%
10 Brentford Mikel Damsgaard
33%
7 Tottenham James Madison
22%
7 Man City Ryan Äit-nouri
11%
7 Aston Villa Youri Telemans
11%
No matching quizzes found
Score Distribution
Percent of People with Each Score
Percentile by Number Answered
Your Score History
You have not taken this quiz